| 000 | 02172nam a22004097a 4500 | ||
|---|---|---|---|
| 001 | 103649 | ||
| 003 | KnowledgeUnlatched | ||
| 005 | 20210303105116.0 | ||
| 006 | m o d | ||
| 007 | cr u|||||||||| | ||
| 008 | 210129p20182019xx o u00| u ger d | ||
| 037 | _5BiblioBoard | ||
| 245 | 0 | 0 |
_aTranskulturelle Erkundungen _bWissenschaftlich-künstlerische Perspektiven / _cTherese Kaufmann, Isolde Malmberg, Hande Saglam, Harald Huber, Ursula Hemetek, Daliah Hindler. |
| 020 | _a9783205232704 | ||
| 029 | 1 | _ahttps://library.biblioboard.com/ext/api/media/64b9a11b-9cc2-4a39-a41c-a681d828cddd/assets/thumbnail.jpg | |
| 040 |
_aScCtBLL _cScCtBLL |
||
| 506 | 0 |
_aAccess copy available to the general public. _fUnrestricted _2star |
|
| 700 | 1 |
_aKaufmann, Therese _eeditor. |
|
| 700 | 1 |
_aMalmberg, Isolde _eeditor. |
|
| 700 | 1 |
_aSaglam, Hande _eeditor. |
|
| 700 | 1 |
_aHuber, Harald _eeditor. |
|
| 700 | 1 |
_aHemetek, Ursula _eeditor. |
|
| 700 | 1 |
_aHindler, Daliah _eeditor. |
|
| 264 | 1 | _bBöhlau, | |
| 300 | _a1 online resource (240 p.) | ||
| 520 | _a"Dieses Werk präsentiert interdisziplinäre und internationale Zugänge zur Transkulturalität aus Philosophie, Politikwissenschaft, Ethnomusikologie, Popularmusikforschung, Gender und Queer-Studies, Musikwissenschaft, Musikpädagogik, Postcolonial Studies, Migrationsforschung und Minderheitenforschung. Es sind die nachhaltigen Ergebnisse einer Ringvorlesung an der Universität für Musik und darstellende Kunst Wien-mdw aus den Jahren 2014-2018, bei der Wissenschaft und Kunst in einen fruchtbaren Dialog traten." | ||
| 588 | 0 | _aDescription based on print version record. | |
| 590 | _aKU Open Services | ||
| 650 | 7 |
_aPhilosophy _2bisacsh |
|
| 650 | 0 | _aPhilosophy | |
| 655 | 0 | _aElectronic books. | |
| 758 |
_iIs found in: _aKnowledge Unlatched _1https://openresearchlibrary.org/module/2774bc74-146a-484f-a7ba-ab1d6a09bbfb |
||
| 856 | 4 | 0 |
_uhttps://openresearchlibrary.org/content/64b9a11b-9cc2-4a39-a41c-a681d828cddd _zView this content on Open Research Library. _70 |
| 999 |
_c33619 _d33619 |
||